<?xml version="1.0" encoding="UTF-8"?>
<record
    xmlns:xsi="http://www.w3.org/2001/XMLSchema-instance"
    xsi:schemaLocation="http://www.loc.gov/MARC21/slim http://www.loc.gov/standards/marcxml/schema/MARC21slim.xsd"
    xmlns="http://www.loc.gov/MARC21/slim">

  <leader>00661nas a22001937a 4500</leader>
  <controlfield tag="003">NALT</controlfield>
  <controlfield tag="005">20210714145156.0</controlfield>
  <controlfield tag="008">170828b        th ||||| |||| 00| 0 tha d</controlfield>
  <datafield tag="022" ind1=" " ind2=" ">
    <subfield code="a">19066481</subfield>
  </datafield>
  <datafield tag="040" ind1=" " ind2=" ">
    <subfield code="a">NALT</subfield>
  </datafield>
  <datafield tag="041" ind1="0" ind2=" ">
    <subfield code="a">tha</subfield>
  </datafield>
  <datafield tag="245" ind1="1" ind2="0">
    <subfield code="a">&#xE2B;&#xE19;&#xE35;&#xE01;&#xE23;&#xE38;&#xE07;&#xE44;&#xE1B;&#xE1B;&#xE23;&#xE38;&#xE07;&#xE1D;&#xE31;&#xE19;</subfield>
  </datafield>
  <datafield tag="260" ind1="3" ind2=" ">
    <subfield code="a">&#xE01;&#xE23;&#xE38;&#xE07;&#xE40;&#xE17;&#xE1E;&#xE2F; : </subfield>
    <subfield code="b">&#xE1A;&#xE23;&#xE34;&#xE29;&#xE31;&#xE17; &#xE2B;&#xE19;&#xE35;&#xE01;&#xE23;&#xE38;&#xE07; &#xE04;&#xE2D;&#xE19;&#xE40;&#xE19;&#xE47;&#xE04; &#xE08;&#xE33;&#xE01;&#xE31;&#xE14;</subfield>
  </datafield>
  <datafield tag="310" ind1=" " ind2=" ">
    <subfield code="a">&#xE23;&#xE32;&#xE22;&#xE40;&#xE14;&#xE37;&#xE2D;&#xE19;</subfield>
  </datafield>
  <datafield tag="500" ind1=" " ind2=" ">
    <subfield code="a">&#xE2B;&#xE22;&#xE38;&#xE14;&#xE1C;&#xE25;&#xE34;&#xE15;&#xE09;&#xE1A;&#xE31;&#xE1A;&#xE1E;&#xE34;&#xE21;&#xE1E;&#xE4C;&#xE2B;&#xE25;&#xE31;&#xE07;&#xE40;&#xE14;&#xE37;&#xE2D;&#xE19;&#xE21;&#xE01;&#xE23;&#xE32;&#xE04;&#xE21; 2562</subfield>
  </datafield>
  <datafield tag="850" ind1=" " ind2=" ">
    <subfield code="a">NALT</subfield>
  </datafield>
  <datafield tag="942" ind1=" " ind2=" ">
    <subfield code="c">JNR</subfield>
    <subfield code="0">5</subfield>
    <subfield code="2">lcc</subfield>
  </datafield>
  <datafield tag="998" ind1=" " ind2=" ">
    <subfield code="b">34</subfield>
    <subfield code="d">2017-05-26 09:57:55.073</subfield>
    <subfield code="j">755</subfield>
    <subfield code="k"> &#xE08;&#xE34;&#xE19;&#xE15;&#xE19;&#xE32; &#xE40;&#xE2D;&#xE35;&#xE48;&#xE22;&#xE21;&#xE04;&#xE07;</subfield>
  </datafield>
  <datafield tag="999" ind1=" " ind2=" ">
    <subfield code="c">92017</subfield>
    <subfield code="d">92017</subfield>
  </datafield>
</record>
